[Event "40th Olympiad Women"]
[Site "Istanbul TUR"]
[Date "2012.09.06"]
[Round "9.3"]
[Board "1"]
[White "Nakhbayeva, Guliskhan"]
[Black "Muminova, Nafisa"]
[Result "1/2-1/2"]
[WhiteTitle "WIM"]
[BlackTitle "WIM"]
[WhiteElo "2291"]
[BlackElo "2329"]
[WhiteTeam "Kazakhstan"]
[BlackTeam "Uzbekistan"]
[WhiteFideId "13704788"]
[BlackFideId "14201526"]
[EventDate "2012.08.28"]

1. d4 Nf6 2. c4 e6 3. Nc3 c5 4. d5 exd5 5. cxd5 d6 6. Nf3 g6 7. h3 Bg7 8. e4 O-O
9. Bd3 b5 10. Bxb5 Nxe4 11. Nxe4 Qa5+ 12. Nfd2 Qxb5 13. Nxd6 Qa6 14. N2c4 Nd7
15. O-O Nb6 16. Nxb6 Qxb6 17. Nxc8 Raxc8 18. Qc2 Rfd8 19. Rd1 Bd4 20. Qc4 Qb7
21. Be3 Qxd5 22. Qxd5 Rxd5 23. Bxd4 Rxd4 24. Rxd4 cxd4 25. Rd1 Rc2 26. Rxd4 Rxb2
27. Ra4 Rb7 28. g3 Kg7 29. Kg2 Kf6 30. Kf3 Ke5 31. Ke3 1/2-1/2

[Event "40th Olympiad Women"]
[Site "Istanbul TUR"]
[Date "2012.09.06"]
[Round "9.3"]
[Board "2"]
[White "Gevorgyan, Irina"]
[Black "Dauletova, Gulmira"]
[Result "0-1"]
[WhiteTitle "WFM"]
[BlackTitle "WIM"]
[WhiteElo "2178"]
[BlackElo "2267"]
[WhiteTeam "Uzbekistan"]
[BlackTeam "Kazakhstan"]
[WhiteFideId "14201437"]
[BlackFideId "13702971"]
[EventDate "2012.08.28"]

1. Nf3 Nf6 2. c4 e6 3. Nc3 Bb4 4. Qc2 c5 5. a3 Ba5 6. g3 Nc6 7. Bg2 O-O 8. O-O
d6 9. d3 e5 10. Nd5 h6 11. Nxf6+ Qxf6 12. h3 Be6 13. Rb1 Rfd8 14. Be3 Qe7 15.
Qa4 Bb6 16. Nd2 Bd7 17. Qd1 Ba5 18. b4 cxb4 19. axb4 Bb6 20. Bxb6 axb6 21. e3
Bf5 22. Ne4 Nxb4 23. Rxb4 d5 24. Qb3 dxe4 25. dxe4 Bd7 26. Rxb6 Bc6 27. Qb2 Ra4
28. Rc1 Qc5 29. Bf1 Rda8 30. Rb3 Ra2 31. Qc3 Qa5 32. Qxa5 R8xa5 33. f3 Rd2 34.
Rd3 Rb2 35. Rd8+ Kh7 36. Rf8 Kg6 37. Rd1 Kf6 38. h4 h5 39. Rh8 g6 40. f4 Bxe4
41. fxe5+ Rxe5 42. Bh3 Kg7 43. Ra8 Bf3 44. Re1 Be2 45. Ra3 Bxc4 46. Bf1 Be6 47.
Re2 Rb1 48. Rf2 Bh3 0-1

[Event "40th Olympiad Women"]
[Site "Istanbul TUR"]
[Date "2012.09.06"]
[Round "9.3"]
[Board "3"]
[White "Saduakassova, Dinara"]
[Black "Nadirjanova, Nodira"]
[Result "1-0"]
[WhiteTitle "WIM"]
[WhiteElo "2216"]
[BlackElo "2185"]
[WhiteTeam "Kazakhstan"]
[BlackTeam "Uzbekistan"]
[WhiteFideId "13700090"]
[BlackFideId "14201232"]
[EventDate "2012.08.28"]

1. d4 d5 2. c4 dxc4 3. Nf3 Nf6 4. e3 e6 5. Bxc4 c5 6. O-O a6 7. dxc5 Qxd1 8.
Rxd1 Bxc5 9. Be2 Nbd7 10. Nd4 g6 11. Nc3 O-O 12. Nb3 Be7 13. e4 b6 14. Bg5 Kg7
15. Rd2 Ra7 16. Rad1 Bb4 17. f3 Rc7 18. e5 Bxc3 19. bxc3 Nd5 20. c4 Nc3 21. Rc1
Nxe2+ 22. Rxe2 Bb7 23. Be7 Rfc8 24. Rec2 Bd5 25. Nd2 Ba8 26. Bd6 Ra7 27. Nb3 f6
28. f4 Kf7 29. Re2 Bc6 30. exf6 Nxf6 31. Rce1 Bd7 32. Nd4 Ne8 33. Ba3 Ng7 34.
Nf3 Kg8 35. Ne5 Be8 36. Rd2 b5 37. c5 a5 38. c6 Nh5 39. g3 Nf6 40. Rd6 Nd5 41.
Rxe6 b4 42. Bb2 Rac7 43. Rd1 Nc3 44. Bxc3 bxc3 45. Rc1 Bxc6 46. Rxc3 Bd5 47.
Re8+ Rxe8 48. Rxc7 Bxa2 49. Ra7 Bb3 50. Rxa5 Re7 51. Kf2 Kg7 52. h4 h5 53. Ke3
Bc2 54. Kd4 Rb7 55. Ra3 Bb1 56. Kc5 Kf6 57. Ra6+ Kg7 58. Kd6 Bf5 59. Nc6 Rd7+
60. Ke5 Rc7 61. Ra7 Rxa7 62. Nxa7 Bc2 63. Nb5 Bb1 64. Ke6 Bf5+ 65. Ke7 Bd3 66.
Nd6 Bc2 67. Ne8+ Kh6 68. Kf6 Bd3 69. Nd6 Bc2 70. f5 Kh7 71. fxg6+ Bxg6 72. Kg5
Kg7 73. Nf5+ Kf7 74. Ne3 Kg7 75. Nd5 Be4 76. Nf4 1-0

[Event "40th Olympiad Women"]
[Site "Istanbul TUR"]
[Date "2012.09.06"]
[Round "9.3"]
[Board "4"]
[White "Kurbonboyeva, Sarvinoz"]
[Black "Davletbayeva, Madina"]
[Result "1-0"]
[BlackTitle "WIM"]
[WhiteElo "2143"]
[BlackElo "2165"]
[WhiteTeam "Uzbekistan"]
[BlackTeam "Kazakhstan"]
[WhiteFideId "14201780"]
[BlackFideId "13703595"]
[EventDate "2012.08.28"]

1. d4 Nf6 2. c4 e6 3. Nf3 b6 4. g3 Bb7 5. Bg2 Be7 6. O-O O-O 7. Re1 Qc8 8. Nc3
Ne4 9. Qc2 Nxc3 10. Qxc3 c5 11. e4 cxd4 12. Nxd4 Nc6 13. Nxc6 Qxc6 14. Qd3 Bf6
15. Rb1 d6 16. Qf1 Qa4 17. a3 Rac8 18. b3 Qa5 19. Qe2 Rfd8 20. Bb2 Bxb2 21. Qxb2
h6 22. Rbd1 Qc5 23. Re3 a5 24. a4 Qb4 25. Qe2 Qc5 26. Red3 Qe5 27. Qe3 Rc5 28.
f4 Qb2 29. Rxd6 Rxd6 30. Rxd6 Qb1+ 31. Kf2 Bc6 32. Bf3 Kh7 33. e5 Bxf3 34. Qxf3
Qc2+ 35. Kg1 Qc1+ 36. Rd1 Qa3 37. Rd7 Qc1+ 38. Kg2 Qc2+ 39. Kh3 Qf5+ 40. g4 Qg6
41. Qd3 Qxd3+ 42. Rxd3 g5 43. Kg3 Rc7 44. Rd6 Rb7 45. f5 exf5 46. gxf5 h5 47.
Kf3 Kg7 48. Ke4 Rb8 49. Rd7 Rh8 50. e6 Rf8 51. e7 Re8 1-0

[Event "40th Olympiad Women"]
[Site "Istanbul TUR"]
[Date "2012.09.06"]
[Round "9.4"]
[Board "3"]
[White "Foisor, Sabina-Francesca"]
[Black "Ushenina, Anna"]
[Result "1/2-1/2"]
[WhiteTitle "WGM"]
[BlackTitle "IM"]
[WhiteElo "2356"]
[BlackElo "2433"]
[WhiteTeam "United States of America"]
[BlackTeam "Ukraine"]
[WhiteFideId "1212915"]
[BlackFideId "14110911"]
[EventDate "2012.08.28"]

1. d4 Nf6 2. c4 g6 3. Nc3 d5 4. Nf3 Bg7 5. Bg5 Ne4 6. Bh4 Nxc3 7. bxc3 dxc4 8.
Qa4+ Nd7 9. e3 O-O 10. Qa3 Nf6 11. Bxc4 Qd6 12. Qb3 e6 13. O-O b6 14. Rfd1 Bb7
15. Bg3 Qe7 16. a4 Ne4 17. a5 Nxg3 18. hxg3 Qd6 19. Be2 Rab8 20. Qa3 Rfc8 21.
Nd2 Bf8 22. Qxd6 cxd6 23. axb6 axb6 24. Rab1 Bc6 25. Rb2 b5 26. Rdb1 d5 27. Bxb5
Rxb5 28. Rxb5 Bxb5 29. Rxb5 Rxc3 30. Kf1 Kg7 1/2-1/2

[Event "40th Olympiad Women"]
[Site "Istanbul TUR"]
[Date "2012.09.06"]
[Round "9.5"]
[Board "2"]
[White "Rajlich, Iweta"]
[Black "Videnova, Iva"]
[Result "1/2-1/2"]
[WhiteTitle "IM"]
[BlackTitle "WGM"]
[WhiteElo "2412"]
[BlackElo "2317"]
[WhiteTeam "Poland"]
[BlackTeam "Bulgaria"]
[WhiteFideId "1108166"]
[BlackFideId "2907763"]
[EventDate "2012.08.28"]

1. c4 Nf6 2. Nc3 d5 3. cxd5 Nxd5 4. g3 g6 5. Bg2 Nb6 6. d3 Bg7 7. Be3 Nc6 8.
Bxc6+ bxc6 9. Qd2 h5 10. Nf3 Bg4 11. Nh4 Bh3 12. Rg1 Nd5 13. Nxd5 Qxd5 14. Rc1
Qxa2 15. b4 Qxd2+ 16. Kxd2 Kd7 17. Nf3 Rhb8 18. Ng5 Bf5 19. Rb1 f6 20. Nf3 e5
21. Nh4 Bf8 22. Bc5 Bxc5 23. bxc5 Rb5 24. e4 Be6 25. Nxg6 Rxc5 26. f4 Rg8 27. f5
Bf7 28. g4 hxg4 29. Rxg4 Rb5 30. Rh1 Rb2+ 31. Ke3 Rgb8 32. Rh4 Bxg6 33. fxg6 Rg2
34. Rh7+ Kd6 35. g7 Rg8 36. Rh6 R8xg7 37. Rxf6+ Kd7 38. d4 exd4+ 39. Kxd4 Rd2+
40. Ke3 Rgg2 41. Rh6 c5 42. Rc1 Rge2+ 43. Kf3 Rxh2 44. Rxh2 Rxh2 45. Rxc5 Rh6
46. Kf4 a6 47. Rd5+ Rd6 48. Ra5 Rf6+ 49. Ke5 Rb6 50. Ra1 Ke7 51. Kd5 Kd7 52. Ke5
Re6+ 53. Kf5 c5 54. e5 c4 55. Rd1+ Ke7 56. Ke4 c3 57. Rc1 Rc6 58. Kd3 Ke6 59.
Rxc3 Rxc3+ 60. Kxc3 Kxe5 1/2-1/2

[Event "40th Olympiad Women"]
[Site "Istanbul TUR"]
[Date "2012.09.06"]
[Round "9.5"]
[Board "3"]
[White "Nikolova, Adriana"]
[Black "Zawadzka, Jolanta"]
[Result "0-1"]
[WhiteTitle "WGM"]
[BlackTitle "WGM"]
[WhiteElo "2299"]
[BlackElo "2377"]
[WhiteTeam "Bulgaria"]
[BlackTeam "Poland"]
[WhiteFideId "2908689"]
[BlackFideId "1122320"]
[EventDate "2012.08.28"]

1. e4 c5 2. Nf3 d6 3. d4 cxd4 4. Nxd4 Nf6 5. Nc3 a6 6. Bg5 Nbd7 7. Bd3 e6 8. Qe2
Be7 9. a4 Qc7 10. a5 O-O 11. O-O Nc5 12. Kh1 Re8 13. Bh4 Nfxe4 14. Bxe4 Bxh4 15.
Bxh7+ Kxh7 16. Qh5+ Kg8 17. Qxh4 Qd8 18. Qh5 Qf6 19. Rad1 Qh6 20. Qxh6 gxh6 21.
b4 Nd7 22. Nb3 d5 23. Na4 Rb8 24. Rfe1 Nf6 25. Nbc5 Bd7 26. Nxd7 Nxd7 27. Re3
Rec8 28. c3 b6 29. axb6 Nxb6 30. Nxb6 Rxb6 31. g4 Rc4 32. h3 Rbc6 33. Rdd3 Kg7
34. Kg2 Kf6 35. Kg3 Rd6 36. f4 Rd8 37. Rf3 Ke7 38. Rd1 f6 39. Re3 Kd6 40. Ra1
Rc6 41. Rae1 Re8 42. Kh4 e5 43. Kh5 e4 44. h4 Ke6 45. Ra1 f5 46. g5 hxg5 47.
hxg5 Rh8+ 48. Kg6 Rh4 49. b5 axb5 50. Ra7 Rxf4 51. Rh3 Ke5+ 52. Kh7 Rg4 53. Rg7
f4 54. g6 Rcxg6 55. Rxg6 Rxg6 56. Kxg6 f3 57. Rh5+ Kf4 58. Rxd5 e3 59. Rxb5 e2
60. Rf5+ Ke3 61. Re5+ Kf2 0-1

[Event "40th Olympiad Women"]
[Site "Istanbul TUR"]
[Date "2012.09.06"]
[Round "9.5"]
[Board "4"]
[White "Szczepkowska-Horowska, Karina"]
[Black "Voiska, Margarita"]
[Result "1/2-1/2"]
[WhiteTitle "WGM"]
[BlackTitle "WGM"]
[WhiteElo "2375"]
[BlackElo "2281"]
[WhiteTeam "Poland"]
[BlackTeam "Bulgaria"]
[WhiteFideId "1122681"]
[BlackFideId "2900602"]
[EventDate "2012.08.28"]

1. e4 d6 2. Nc3 e5 3. Bc4 Nf6 4. d3 Be7 5. f4 c6 6. Nf3 exf4 7. Bxf4 O-O 8. Bb3
d5 9. exd5 Nxd5 10. Nxd5 cxd5 11. O-O Nc6 12. a4 Bf6 13. d4 Re8 14. c3 Bf5 15.
Kh1 a5 16. Ba2 Qd7 17. Bg3 Re7 18. Ne5 Nxe5 19. dxe5 Bxe5 20. Bh4 f6 21. Qxd5+
Qxd5 22. Bxd5+ Be6 23. Bf3 Rb8 24. Bf2 b5 25. Rfe1 Kf7 26. Re2 Rc7 27. axb5 Rxb5
28. g3 Rc8 29. Kg2 Rcb8 30. Ba7 Rc8 31. Rd2 Rc7 32. Be3 Rc8 33. Rad1 Rc7 34. Kf2
a4 35. Be2 Rb8 36. Ra1 Bb3 37. Bf3 Ke6 38. Re1 Kf7 39. Bf4 Bxf4 40. gxf4 Be6 41.
Re4 a3 42. bxa3 Rxc3 43. a4 Ra3 44. Be2 Rb1 45. Rc2 Rb7 46. Rc5 Ra7 47. f5 Bd7
48. Bc4+ Kf8 49. Bb5 Bxb5 50. axb5 Rb3 51. Rc8+ Kf7 52. Rb8 g6 53. fxg6+ Kxg6
54. b6 Ra2+ 55. Re2 Ra6 56. b7 Rab6 57. Rg8+ Kf5 58. Rc2 Rb2 59. Rxb2 Rxb2+ 60.
Kf3 Rxb7 61. Ra8 Rb3+ 62. Kg2 h5 63. Ra5+ Kg6 64. Ra4 Kg5 65. h4+ Kf5 66. Ra5+
Kg6 67. Ra4 Re3 68. Rf4 f5 69. Ra4 Re4 70. Ra6+ Kg7 71. Kg3 Rg4+ 72. Kh3 f4 73.
Ra5 Rg3+ 74. Kh2 Kg6 75. Rb5 Rg4 76. Rb6+ Kg7 77. Rb7+ Kf6 78. Rb6+ Kf5 79. Rb5+
Ke4 80. Rb4+ Kd3 81. Kh3 f3 82. Rb3+ Ke2 83. Rb2+ Ke1 84. Rb1+ Ke2 85. Rb2+ Ke3
86. Rb3+ Kf4 87. Rb4+ Ke5 1/2-1/2

[Event "40th Olympiad Women"]
[Site "Istanbul TUR"]
[Date "2012.09.06"]
[Round "9.6"]
[Board "1"]
[White "Pourkashiyan, Atousa"]
[Black "Danielian, Elina"]
[Result "0-1"]
[WhiteTitle "WGM"]
[BlackTitle "GM"]
[WhiteElo "2313"]
[BlackElo "2476"]
[WhiteTeam "Iran"]
[BlackTeam "Armenia"]
[WhiteFideId "12502014"]
[BlackFideId "13300210"]
[EventDate "2012.08.28"]

1. e4 e6 2. d4 d5 3. Nd2 c5 4. exd5 exd5 5. Bb5+ Bd7 6. Bxd7+ Nxd7 7. Ngf3 Ngf6
8. O-O Be7 9. dxc5 Nxc5 10. Nb3 Nce4 11. Bf4 O-O 12. Qd3 Qd7 13. Rad1 Rac8 14.
h3 Rfe8 15. Be5 Bd8 16. Rfe1 Bb6 17. Bd4 Qc6 18. c3 a6 19. Bxb6 Qxb6 20. Nfd4
Nd7 21. Qe3 Ne5 22. Nf3 Qxe3 23. Rxe3 Nc4 24. Re2 Nf6 25. Rc2 b5 26. Nbd4 g6 27.
Ne1 Nb6 28. Nd3 Re4 29. Re2 Na4 30. f3 Rxe2 31. Nxe2 Kg7 32. Rd2 h5 33. h4 Ne8
34. Nb4 a5 35. Nd3 Nd6 36. Ndf4 Nc4 37. Rxd5 Naxb2 38. Rxb5 Rd8 39. Nd4 Re8 40.
Nfe2 Re3 41. Rc5 Rd3 42. Nc6 Rd1+ 43. Kh2 a4 44. Nf4 Ne3 45. Ne5 Nf1+ 46. Kh3
Re1 47. g4 hxg4+ 48. fxg4 Re4 49. Ng2 Nd1 50. Nd3 Re2 51. g5 Rd2 52. Nge1 Nde3
53. Nf3 Rxd3 54. h5 gxh5 55. g6 Nd5 56. Kg2 Nfe3+ 57. Kf2 Ng4+ 58. Kg2 Nf4+ 59.
Kg3 Nxg6 60. Kg2 a3 61. c4 Rc3 62. Ra5 Ne3+ 63. Kf2 Nxc4 64. Rc5 Rc2+ 65. Kg3
h4+ 66. Kh3 Rc3 67. Kh2 Rxf3 68. Rxc4 f5 69. Ra4 Kh6 70. Kg2 Rg3+ 71. Kh2 Kg5 0-1

[Event "40th Olympiad Women"]
[Site "Istanbul TUR"]
[Date "2012.09.06"]
[Round "9.6"]
[Board "2"]
[White "Mkrtchian, Lilit"]
[Black "Khademalsharieh, Sarasadat"]
[Result "1/2-1/2"]
[WhiteTitle "IM"]
[BlackTitle "WIM"]
[WhiteElo "2454"]
[BlackElo "2270"]
[WhiteTeam "Armenia"]
[BlackTeam "Iran"]
[WhiteFideId "13300601"]
[BlackFideId "12512214"]
[EventDate "2012.08.28"]

1. c4 Nf6 2. Nc3 e6 3. e4 d5 4. e5 d4 5. exf6 dxc3 6. bxc3 Qxf6 7. d4 c5 8. Nf3
cxd4 9. Bg5 Qf5 10. cxd4 Bb4+ 11. Bd2 Qa5 12. Rb1 Bxd2+ 13. Qxd2 Qxd2+ 14. Kxd2
Ke7 15. Bd3 Nd7 16. Rhc1 Rd8 17. Ke3 Rb8 18. Rb3 Nf6 19. a4 Bd7 20. a5 Ng4+ 21.
Ke2 Bc6 22. Rcb1 Rbc8 23. h3 Nf6 24. Ke3 Nd7 25. Nd2 b6 26. axb6 axb6 27. f3 Ra8
28. Be4 Kd6 29. d5 exd5 30. cxd5 Bxd5 31. Rd3 Nf6 32. Rxb6+ Kc5 33. Rb2 Nxe4 34.
Nxe4+ Bxe4 35. Rc2+ Kb5 36. Rxd8 Rxd8 37. fxe4 Kb6 38. e5 Rd7 39. Rc8 Re7 40.
Kf4 f6 41. exf6 Rf7 42. g4 Rxf6+ 43. Ke5 Rh6 44. Rc3 Rg6 45. Rc4 Rh6 46. Rc3 Rg6
47. Kf4 Rf6+ 48. Kg3 Rc6 49. Rf3 Rc7 50. Rf8 Rc3+ 51. Kh4 h6 52. g5 hxg5+ 53.
Kg4 Kc7 54. Rf7+ Kd6 55. Rxg7 Rc5 56. Rxg5 Rxg5+ 57. Kxg5 Ke7 58. Kg6 Kf8 1/2-1/2

[Event "40th Olympiad Women"]
[Site "Istanbul TUR"]
[Date "2012.09.06"]
[Round "9.6"]
[Board "3"]
[White "Hakimifard, Ghazal"]
[Black "Galojan, Lilit"]
[Result "1/2-1/2"]
[WhiteTitle "WIM"]
[BlackTitle "IM"]
[WhiteElo "2249"]
[BlackElo "2349"]
[WhiteTeam "Iran"]
[BlackTeam "Armenia"]
[WhiteFideId "12506540"]
[BlackFideId "13301314"]
[EventDate "2012.08.28"]

1. e4 e5 2. Nf3 Nc6 3. Bb5 a6 4. Ba4 Nf6 5. d3 d6 6. c3 g6 7. O-O Bg7 8. Re1 b5
9. Bc2 O-O 10. Nbd2 Re8 11. d4 Bb7 12. a4 exd4 13. cxd4 Nb4 14. Bb1 c5 15. d5
Nd7 16. Nf1 bxa4 17. Rxa4 Nb6 18. Ra3 Qc7 19. Ne3 Bc8 20. Nd2 Bd7 21. Ndc4 Nxc4
22. Nxc4 Bb5 23. Ne3 c4 24. Ng4 Nd3 25. Bxd3 cxd3 26. Qf3 f5 27. Nh6+ Bxh6 28.
Bxh6 fxe4 29. Qf6 Qf7 30. Qd4 Re5 31. Qc3 Qxd5 32. Qc7 Qf7 33. Qxd6 Rd5 34. Qb4
Re8 35. Raa1 Rh5 36. Bd2 Qe7 37. Qb3+ Qe6 38. Qb4 Qe7 39. Qb3+ Qe6 40. Qb4 Qc4
41. Qd6 Qd5 42. Qb4 Qe5 43. Qb3+ Qd5 44. Qb4 Rf5 45. Rac1 Bc6 46. Be3 Bb7 47.
Rc7 Rf7 48. Rc5 Qd6 1/2-1/2

[Event "40th Olympiad Women"]
[Site "Istanbul TUR"]
[Date "2012.09.06"]
[Round "9.6"]
[Board "4"]
[White "Kursova, Maria"]
[Black "Ghader Pour, Shayesteh"]
[Result "1-0"]
[WhiteTitle "WGM"]
[BlackTitle "WIM"]
[WhiteElo "2338"]
[BlackElo "2218"]
[WhiteTeam "Armenia"]
[BlackTeam "Iran"]
[WhiteFideId "4129709"]
[BlackFideId "12500747"]
[EventDate "2012.08.28"]

1. d4 Nf6 2. Nf3 e6 3. c4 Bb4+ 4. Bd2 Bxd2+ 5. Qxd2 d5 6. g3 c6 7. Bg2 Nbd7 8.
O-O O-O 9. Rc1 b6 10. cxd5 cxd5 11. Na3 Ba6 12. Nc2 Ne4 13. Qe1 Bb7 14. Nb4 Qb8
15. e3 Qd6 16. Bf1 Rac8 17. Bb5 h6 18. a3 Ng5 19. Qe2 Nxf3+ 20. Qxf3 a5 21. Nd3
Bc6 22. Bxc6 Rxc6 23. Rxc6 Qxc6 24. Rc1 Qb7 25. Qf4 Rc8 26. Qd6 Rxc1+ 27. Nxc1
Qc8 28. Ne2 Qc2 29. Qxd7 Qxe2 30. Qd8+ Kh7 31. Qxb6 Kg6 32. Qxa5 Qxb2 33. Qb4
Qc1+ 34. Kg2 Qc2 35. a4 h5 36. h4 f6 37. Qb5 Kf5 38. a5 g5 39. hxg5 fxg5 40. Qe8
Qe4+ 41. Kh2 Kf6 42. Qxh5 Qc2 43. Kg2 Qa2 44. Qh8+ Kf7 45. Qh7+ Kf6 46. Qc7 g4
47. Qf4+ Ke7 48. Qxg4 Qxa5 49. Qg7+ Ke8 50. g4 Qa1 51. Qf6 Kd7 52. g5 Qb1 53. g6
Qe4+ 54. Kh2 Qg4 55. g7 Kc6 56. f3 Qh5+ 57. Kg3 Qe8 58. Qg5 Qg8 59. Qe7 Qb8+ 60.
f4 Qb1 61. Qxe6+ 1-0

[Event "40th Olympiad Women"]
[Site "Istanbul TUR"]
[Date "2012.09.06"]
[Round "9.7"]
[Board "1"]
[White "Khotenashvili, Bela"]
[Black "Mamedjarova, Zeinab"]
[Result "0-1"]
[WhiteTitle "IM"]
[BlackTitle "WGM"]
[WhiteElo "2509"]
[BlackElo "2285"]
[WhiteTeam "Georgia"]
[BlackTeam "Azerbaijan"]
[WhiteFideId "13602640"]
[BlackFideId "13401521"]
[EventDate "2012.08.28"]

1. d4 d5 2. c4 c6 3. Nf3 e6 4. e3 Bd6 5. b3 f5 6. g3 Nf6 7. Bg2 O-O 8. O-O b6 9.
Ba3 Bxa3 10. Nxa3 Qd6 11. Qc1 Nbd7 12. Qb2 Ba6 13. Rfc1 Rac8 14. b4 c5 15. dxc5
bxc5 16. b5 Bb7 17. Rd1 Qc7 18. Nb1 dxc4 19. a4 Rfd8 20. Nbd2 Bd5 21. Bf1 Ng4
22. a5 Nde5 23. b6 Qb8 24. Nxe5 Nxe5 25. Rdb1 Ba8 26. b7 Qxb7 27. Qxb7 Bxb7 28.
Rxb7 Rxd2 29. Rc1 Nd3 30. Rxc4 Nxf2 31. Rxa7 Ng4 32. Rc3 Rb8 33. Rxc5 Nxh2 34.
Bg2 Nf3+ 0-1

[Event "40th Olympiad Women"]
[Site "Istanbul TUR"]
[Date "2012.09.06"]
[Round "9.7"]
[Board "2"]
[White "Mammadova, Gulnar"]
[Black "Javakhishvili, Lela"]
[Result "1/2-1/2"]
[WhiteTitle "WGM"]
[BlackTitle "IM"]
[WhiteElo "2324"]
[BlackElo "2458"]
[WhiteTeam "Azerbaijan"]
[BlackTeam "Georgia"]
[WhiteFideId "13403508"]
[BlackFideId "13601458"]
[EventDate "2012.08.28"]

1. e4 c5 2. Nf3 e6 3. b3 b6 4. Bb2 Bb7 5. Nc3 Nc6 6. Bd3 Nge7 7. a3 a6 8. O-O
Ng6 9. Re1 Be7 10. Nd5 e5 11. c3 O-O 12. Bc2 d6 13. d4 Bc8 14. h3 Re8 15. Qd2
Bf8 16. Rad1 Be6 17. Qc1 Qb8 18. Ne3 Bc8 19. Nf5 Nf4 20. g3 Ng6 21. h4 cxd4 22.
cxd4 exd4 23. N3xd4 Nxd4 24. Bxd4 Ne5 25. Kg2 Qb7 26. Ne3 Be6 27. Bb2 Rac8 28.
Qd2 Rc5 29. f4 Ng4 30. b4 Nxe3+ 31. Rxe3 Rc7 32. Kg1 b5 33. Bb1 Bc4 34. Rde1 Qc8 1/2-1/2

[Event "40th Olympiad Women"]
[Site "Istanbul TUR"]
[Date "2012.09.06"]
[Round "9.7"]
[Board "3"]
[White "Khurtsidze, Nino"]
[Black "Umudova, Nargiz"]
[Result "1/2-1/2"]
[WhiteTitle "IM"]
[BlackTitle "WIM"]
[WhiteElo "2444"]
[BlackElo "2208"]
[WhiteTeam "Georgia"]
[BlackTeam "Azerbaijan"]
[WhiteFideId "13600320"]
[BlackFideId "13402137"]
[EventDate "2012.08.28"]

1. d4 g6 2. c4 Bg7 3. Nf3 d6 4. Nc3 Nd7 5. g3 e5 6. Bg2 Ne7 7. O-O O-O 8. e3
exd4 9. exd4 Nb6 10. b3 c5 11. Bb2 Bg4 12. Qd2 Nc6 13. Ne2 a5 14. h3 Bxf3 15.
Bxf3 a4 16. Bc3 Nc8 17. Bxc6 bxc6 18. dxc5 dxc5 19. Qb2 Bxc3 20. Nxc3 axb3 21.
axb3 Rxa1 22. Rxa1 Nd6 23. Rd1 Qe7 24. Qe2 Qxe2 25. Nxe2 Nf5 26. g4 Ng7 27. Rd6
Ne6 28. Rxc6 Rb8 29. Nc1 Rd8 30. Kg2 Rd2 31. Rb6 Nf4+ 32. Kf3 Nxh3 33. Ne2 Rd3+
34. Kg2 Ng5 35. Rb5 Ne6 36. b4 Rd2 37. Kf3 Rc2 38. bxc5 Rxc4 39. Rb8+ Kg7 40.
Rc8 Rxc5 41. Rxc5 Nxc5 42. g5 Kf8 43. Kg4 Ke7 44. f4 Kd6 45. f5 Ke5 46. fxg6
hxg6 47. Nc3 Ne4 48. Nb5 Nd6 49. Nc3 Kd4 50. Ne2+ Ke3 51. Nc3 Nc4 52. Nd5+ Kd4
53. Nf6 Ke5 54. Ng8 Ke4 55. Nf6+ Ke3 56. Nd5+ Kd4 57. Nf6 Ne3+ 58. Kf3 Nf5 59.
Kf4 Ne7 60. Ng4 Kd5 61. Nh6 Ke6 62. Kg4 Nd5 63. Kf3 Ne7 64. Kg4 Nc6 65. Kf4 Ne5
66. Ke4 1/2-1/2

[Event "40th Olympiad Women"]
[Site "Istanbul TUR"]
[Date "2012.09.06"]
[Round "9.7"]
[Board "4"]
[White "Isgandarova, Khayala"]
[Black "Batsiashvili, Nino"]
[Result "1/2-1/2"]
[WhiteTitle "WIM"]
[BlackTitle "WGM"]
[WhiteElo "2205"]
[BlackElo "2432"]
[WhiteTeam "Azerbaijan"]
[BlackTeam "Georgia"]
[WhiteFideId "13401823"]
[BlackFideId "13602993"]
[EventDate "2012.08.28"]

1. e4 c6 2. Ne2 g6 3. d4 Bg7 4. Nbc3 d6 5. g3 Nf6 6. Bg2 O-O 7. O-O e5 8. h3 b5
9. a3 Nbd7 10. d5 cxd5 11. Nxd5 Nb6 12. Nec3 Nfxd5 13. Nxd5 Be6 14. Nxb6 Qxb6
15. Be3 Qc6 16. f4 exf4 17. gxf4 Bxb2 18. Rb1 Bxa3 19. f5 Bc4 20. Rf2 Rfe8 21.
e5 d5 22. e6 fxe6 23. fxg6 e5 24. gxh7+ Kh8 25. Qh5 Qe6 26. Rf5 Re7 27. Kh1 Rxh7
28. Rxe5 Rxh5 29. Rxe6 a5 30. Bd4+ Kh7 31. Bf1 Rg8 32. Re3 Rf5 33. Bxc4 dxc4 34.
Rxa3 b4 35. Re3 Rd8 36. c3 b3 37. Re7+ Kh6 38. Rbe1 Rxd4 39. cxd4 b2 40. R7e6+
Kg7 41. R6e3 a4 42. Kg2 Ra5 43. Ra3 Kf6 44. Kf2 c3 45. Rxc3 a3 46. Rb3 Ra6 47.
Kf3 Kf5 48. Rb5+ Kf6 49. Kf4 Rc6 50. d5 Rc4+ 51. Kf3 Rc1 52. Re6+ Kf5 53. Ra6
b1=Q 54. Rxb1 Rxb1 55. Rxa3 Rd1 56. Ra5 Rd3+ 57. Kg2 Ke5 58. h4 Rxd5 1/2-1/2

[Event "40th Olympiad Women"]
[Site "Istanbul TUR"]
[Date "2012.09.06"]
[Round "9.8"]
[Board "1"]
[White "Porat, Maya"]
[Black "Manakova, Maria"]
[Result "0-1"]
[WhiteTitle "WIM"]
[BlackTitle "WGM"]
[WhiteElo "2295"]
[BlackElo "2304"]
[WhiteTeam "Israel"]
[BlackTeam "Serbia"]
[WhiteFideId "2808072"]
[BlackFideId "927007"]
[EventDate "2012.08.28"]

1. d4 Nf6 2. c4 g6 3. Nc3 d5 4. cxd5 Nxd5 5. Na4 Bg7 6. e4 Nb6 7. Be3 O-O 8. Nf3
Nc6 9. Be2 Bg4 10. d5 Bxf3 11. gxf3 Ne5 12. Nc5 Nec4 13. Bd4 Nxb2 14. Qd2 N2c4
15. Bxc4 Nxc4 16. Qc3 e5 17. Qxc4 exd4 18. h4 c6 19. Nxb7 cxd5 20. Qxd5 Qf6 21.
Rh3 Rac8 22. Kf1 Qb6 23. f4 d3 24. Rd1 Rc6 25. Qb3 Qa6 26. Rhxd3 Rb8 27. Kg2
Rxb7 28. Rd8+ Bf8 29. Qd5 Qb5 30. Qxb5 Rxb5 31. Ra8 Kg7 32. Rxa7 Bc5 33. Rad7
Rb2 34. R1d2 Rxd2 35. Rxd2 Bb4 36. Rb2 Rc4 37. Kf3 h5 38. Rb1 Be7 39. Rb7 Bxh4
40. e5 Kf8 41. Ra7 Rc3+ 42. Ke4 Bxf2 43. Ra8+ Kg7 44. Rb8 h4 45. Rb7 h3 46. e6
Re3+ 0-1

[Event "40th Olympiad Women"]
[Site "Istanbul TUR"]
[Date "2012.09.06"]
[Round "9.8"]
[Board "3"]
[White "Klinova, Masha"]
[Black "Rakic, Marija"]
[Result "1-0"]
[WhiteTitle "IM"]
[BlackTitle "WIM"]
[WhiteElo "2317"]
[BlackElo "2300"]
[WhiteTeam "Israel"]
[BlackTeam "Serbia"]
[WhiteFideId "2802015"]
[BlackFideId "936286"]
[EventDate "2012.08.28"]

1. e4 c5 2. Nf3 d6 3. d4 cxd4 4. Nxd4 Nf6 5. Nc3 e6 6. Be2 Be7 7. Be3 a6 8. a4
Qc7 9. O-O O-O 10. f4 Nc6 11. Bf3 Nxd4 12. Qxd4 e5 13. Qd2 exf4 14. Bxf4 Be6 15.
Kh1 Nd7 16. Nd5 Bxd5 17. exd5 Bf6 18. c3 Ne5 19. Be2 Rac8 20. Rac1 Rfe8 21. c4
a5 22. c5 dxc5 23. d6 Qd8 24. Bb5 Nd7 25. Qd5 Rb8 26. Rce1 g6 27. h3 h5 28. Bg3
Kg7 29. Re7 Rxe7 30. dxe7 Qxe7 31. Qxd7 Qxd7 32. Bxd7 Rd8 33. Bb5 Rd2 34. b3 Bd4
35. Bc4 f6 36. Be1 Rb2 37. Bxa5 h4 38. Bb6 g5 39. a5 Kg6 40. Bd3+ Kg7 41. Rb1 1-0